000 00577 a2200157 4500
005 20251107095348.0
008 251009b |||||||| |||| 00| 0 eng d
020 _a9789391600709
080 _a297:305-055.2=M
_bUMM/I
100 _aUmmul Fayiza
245 _aIslamika feminism: vaividhyam, sankeernatha, bhavi(ഇസ്ലാമിക ഫെമിനിസം:വൈവിധ്യം, സങ്കീർണത, ഭാവി)
260 _bOther books
_aCalicut.
_c2024.
300 _a240p.
653 _a Feminism - Islam - Social conditions - Women in Islam
942 _cOO
999 _c114599
_d114598